Statistics for Joker Characters (2019)

Click here to take the quiz!

General Stats

  • This quiz has been taken 25 times
  • The average score is 7 of 14

Answer Stats

Hint Answer % Correct
Main CharacterArthur Fleck
91%
Wayne Family ButlerAlfred Pennyworth
86%
His MotherPenny Fleck
77%
Gotham mayor candidateThomas Wayne
77%
Son of aboveBruce Wayne
77%
TV HostMurray Franklin
68%
Wife of aboveMartha Wayne
64%
Neighbour of above twoSophie Dumond
45%
Worker at Haha'sGary
27%
Worker at Haha'sRandall
23%
GCPD DetectiveDetective Burke
18%
GCPD DetectiveDetective Garrity
14%
Clerk at Arkham State HospitalCarl
9%
Boss at Haha'sHoyt Vaughn
5%

Score Distribution

Percentile by Number Answered

Percent of People with Each Score

Your Score History

You have not taken this quiz